Ngôn ngữ AutoLISP dùng trong AutoCAD 2000 /

Những vấn đề căn bản về AutoLISP, cách viện dẫn VLISP từ AutoCAD, cách sử dụng AutoLISP để giao tiếp với AutoCAD và xử lý các đối tượng AutoCAD.

Đã lưu trong:
Sonraí Bibleagrafaíochta
Príomhúdar: Trần Văn Minh.
Formáid: Leabhar
Teanga:Vietnamese
Foilsithe: Tp.HCM : Thống kê, 2000.
Ábhair:
Clibeanna: Cuir Clib Leis
Gan Chlibeanna, Bí ar an gcéad duine leis an taifead seo a chlibeáil!
Thư viện lưu trữ: Mạng thư viện Đại học Đà Nẵng
LEADER 01192cam a2200385 i 4500
001 000042172
003 45
005 20041001091637.0
008 010217b2000 vm 000 vie
020 |c 45000 
022 |a T 
040 |a IRC  |c IRC  |d IRC 
041 0 |a vie 
082 1 4 |a 006.663  |b TR-M 
100 1 |a Trần Văn Minh. 
245 1 0 |a Ngôn ngữ AutoLISP dùng trong AutoCAD 2000 /  |c Trần Văn Minh. 
260 |a Tp.HCM :  |b Thống kê,  |c 2000. 
300 |a 406 tr. ;  |c 24 cm. 
520 3 |a Những vấn đề căn bản về AutoLISP, cách viện dẫn VLISP từ AutoCAD, cách sử dụng AutoLISP để giao tiếp với AutoCAD và xử lý các đối tượng AutoCAD. 
630 0 4 |a Tin học. 
630 0 4 |a Ngôn ngữ lập trình. 
630 0 4 |a AutoCAD 2000. 
630 0 4 |a Computer program language. 
650 0 4 |a AutoLISP (Ngôn ngữ lập trình máy tính) 
650 0 4 |a AutoCAD 2000 (Phần mềm máy tính) 
OWN |a DUT 
999 |a From the UDN01 
TYP |a Monograph 
TYP |a Printed language 
980 |a Mạng thư viện Đại học Đà Nẵng